000 00717nam a22002655i 4500
001 11713
003 ES-MaACL
005 20230906150146.0
007 t|
008 950522s1994 sp ||||0| spa j
020 _a84-406-4718-2
040 _aM-BN
_bspa
_cM-BN
080 _a820(73)-31"19"
100 1 _aMorrison, Toni.
_983691
245 1 0 _aOjos azules /
_cToni Morrison ; traducción, Jordi Gubern.
250 _a1ª ed.
260 _aBarcelona :
_bEdiciones B,
_c1994.
300 _a255 p ;
_c22 cm.
490 1 _aTiempos modernos
700 1 _aGubern, Jordi.
_960375
830 0 _aTiempos modernos
_9178583
852 _aES-MaACL
_jL-19004
_bR.123143
999 _c11713
_d11713